000 00972nam a2200313 a 4500
001 2790
003 BD-RjUL
005 20211208233622.0
008 131217r19851983maua b 001 0 eng
020 _a0395317762
035 _a(BD-RjUL)2817
040 _aDLC
_cDLC
_dDLC
_dBD-RjUL
_beng
041 _aeng
082 0 0 _a330.973
_219
_bSAA 1985
100 1 _aSampson, Roy J.
_98946
245 1 4 _aThe American economy :
_banalysis, issues, principles /
_cRoy J. Sampson, Ira Marienhoff.
250 _a2nd ed.
260 _aBoston :
_bHoughton Mifflin,
_cc1983 [Impression 1985].
300 _axiii, 538 p. :
_bill. (some col.) ;
_c24 cm.
504 _aBibliography: p. 504-515.
504 _aIncludes index.
650 0 _aEconomics.
_98947
650 0 _aInternational economic relations.
_9460
651 0 _aUnited States
_xEconomic conditions.
_98948
700 1 _aMarienhoff, Ira.
_98949
942 _2ddc
_cBK
999 _c2790
_d2790